<?xml version="1.0" encoding="UTF-8"?>
<record
    xmlns:xsi="http://www.w3.org/2001/XMLSchema-instance"
    xsi:schemaLocation="http://www.loc.gov/MARC21/slim http://www.loc.gov/standards/marcxml/schema/MARC21slim.xsd"
    xmlns="http://www.loc.gov/MARC21/slim">

  <leader>02699njm a2200409Ia 4500</leader>
  <controlfield tag="001">27217</controlfield>
  <controlfield tag="003">IT-RoPAU</controlfield>
  <controlfield tag="005">20220918181153.0</controlfield>
  <controlfield tag="008">131025s9999    xx            000 0 und d</controlfield>
  <datafield tag="040" ind1=" " ind2=" ">
    <subfield code="a">IT-RoPAU</subfield>
  </datafield>
  <datafield tag="040" ind1=" " ind2=" ">
    <subfield code="c">IT-RoPAU</subfield>
  </datafield>
  <datafield tag="999" ind1=" " ind2=" ">
    <subfield code="c">102287</subfield>
    <subfield code="d">102287</subfield>
  </datafield>
  <datafield tag="999" ind1=" " ind2=" ">
    <subfield code="b">n.d.</subfield>
  </datafield>
  <datafield tag="100" ind1=" " ind2=" ">
    <subfield code="a">Sciascia Armando</subfield>
    <subfield code="9">17435</subfield>
  </datafield>
  <datafield tag="100" ind1=" " ind2=" ">
    <subfield code="e">Autore musica</subfield>
    <subfield code="9">17436</subfield>
  </datafield>
  <datafield tag="100" ind1=" " ind2=" ">
    <subfield code="g">Codice autore musica SPICS: 8192</subfield>
    <subfield code="9">17437</subfield>
  </datafield>
  <datafield tag="245" ind1=" " ind2=" ">
    <subfield code="a">Classic in tv (con grande orchestra ritmica)</subfield>
  </datafield>
  <datafield tag="250" ind1=" " ind2=" ">
    <subfield code="a">1a ed.</subfield>
  </datafield>
  <datafield tag="260" ind1=" " ind2=" ">
    <subfield code="a">MI</subfield>
  </datafield>
  <datafield tag="260" ind1=" " ind2=" ">
    <subfield code="b">I.M.I.INTERNATIONAL MUSIC OF ITALY</subfield>
    <subfield code="c">1985 [1a Ed.:1985 - Ed. Lingua Orig.: 1985]</subfield>
  </datafield>
  <datafield tag="300" ind1=" " ind2=" ">
    <subfield code="a">DISCO</subfield>
  </datafield>
  <datafield tag="300" ind1=" " ind2=" ">
    <subfield code="c">42 minuti (Testo:  pag.)</subfield>
  </datafield>
  <datafield tag="500" ind1=" " ind2=" ">
    <subfield code="a">Musica classica negli spot televisivi. Arrangiamento</subfield>
  </datafield>
  <datafield tag="505" ind1=" " ind2=" ">
    <subfield code="a">Romanza in fa magg op 50 (5:00) - Concerto n 1 per piano e orch in si bemolle minore (3:00) - Il mattino dalla suite di "Peer Gynt" (4:00) - Greensleeves (3:00) - Rapsodia ungherese n. 2 (4:00) - Notturno in mi bemolle maggiore op 9 n 2 (3:00) - Concerto per violino e orchestra op 35 (4:00) - Adagio dalla sonata al chiaro di luna op.27 n. 2 (5:00) - Danza di anitra da Peer Gynt (3:00) - Serenata (4:00) - Tema delle Danze polovesiane del 'Principe Igor' (3:00) - Aria di Wally dall'opera "La Wally" (4:00)</subfield>
  </datafield>
  <datafield tag="511" ind1=" " ind2=" ">
    <subfield code="a">Armando Sciascia e la sua Orchestra</subfield>
  </datafield>
  <datafield tag="650" ind1=" " ind2=" ">
    <subfield code="a">COLONNA SONORA [DISCHI]</subfield>
    <subfield code="e">Codice MATERIA SPICS: 9950</subfield>
    <subfield code="9">17438</subfield>
  </datafield>
  <datafield tag="700" ind1=" " ind2=" ">
    <subfield code="a">Sciascia Armando</subfield>
    <subfield code="d">Codice interprete SPICS: 8192</subfield>
    <subfield code="e">Interprete</subfield>
    <subfield code="9">17439</subfield>
  </datafield>
  <datafield tag="700" ind1=" " ind2=" ">
    <subfield code="a">Beethoven Ludwig Van</subfield>
    <subfield code="d">Codice autore musica SPICS: 10721</subfield>
    <subfield code="e">Autore musica</subfield>
    <subfield code="p">Romanza in fa magg op 50 - Adagio dalla sonata al chiaro di luna op.27 n. 2</subfield>
    <subfield code="9">17440</subfield>
  </datafield>
  <datafield tag="700" ind1=" " ind2=" ">
    <subfield code="a">Cajkovskij Petr Llijch</subfield>
    <subfield code="d">Codice autore musica SPICS: 10808</subfield>
    <subfield code="e">Autore musica</subfield>
    <subfield code="p">Concerto n 1 per piano e orch in si bemolle minore - Concerto per violino e orchestra op 35</subfield>
    <subfield code="9">17441</subfield>
  </datafield>
  <datafield tag="700" ind1=" " ind2=" ">
    <subfield code="a">Grieg Edward</subfield>
    <subfield code="d">Codice autore musica SPICS: 10671</subfield>
    <subfield code="e">Autore musica</subfield>
    <subfield code="p">Il mattino dalla suite di "Peer Gynt" - Danza di anitra da Peer Gynt</subfield>
    <subfield code="9">17442</subfield>
  </datafield>
  <datafield tag="700" ind1=" " ind2=" ">
    <subfield code="a">Anonimo</subfield>
    <subfield code="d">Codice autore musica SPICS: 2620</subfield>
    <subfield code="e">Autore musica</subfield>
    <subfield code="p">Greensleeves</subfield>
    <subfield code="9">17443</subfield>
  </datafield>
  <datafield tag="700" ind1=" " ind2=" ">
    <subfield code="a">Liszt Franz</subfield>
    <subfield code="d">Codice autore musica SPICS: 10789</subfield>
    <subfield code="e">Autore musica</subfield>
    <subfield code="p">Rapsodia ungherese n. 2</subfield>
    <subfield code="9">17444</subfield>
  </datafield>
  <datafield tag="700" ind1=" " ind2=" ">
    <subfield code="a">Chopin Fryderyk</subfield>
    <subfield code="d">Codice autore musica SPICS: 8056</subfield>
    <subfield code="e">Autore musica</subfield>
    <subfield code="p">Notturno in mi bemolle maggiore op 9 n 2</subfield>
    <subfield code="9">17445</subfield>
  </datafield>
  <datafield tag="700" ind1=" " ind2=" ">
    <subfield code="a">Schubert Franz</subfield>
    <subfield code="d">Codice autore musica SPICS: 10690</subfield>
    <subfield code="e">Autore musica</subfield>
    <subfield code="p">Serenata</subfield>
    <subfield code="9">17446</subfield>
  </datafield>
  <datafield tag="700" ind1=" " ind2=" ">
    <subfield code="a">Borodin Alexandr Porfirievic</subfield>
    <subfield code="d">Codice autore musica SPICS: 10770</subfield>
    <subfield code="e">Autore musica</subfield>
    <subfield code="p">Tema delle Danze polovesiane del 'Principe Igor'</subfield>
    <subfield code="9">17447</subfield>
  </datafield>
  <datafield tag="700" ind1=" " ind2=" ">
    <subfield code="a">Catalani Alfredo</subfield>
    <subfield code="d">Codice autore musica SPICS: 13091</subfield>
    <subfield code="e">Autore musica</subfield>
    <subfield code="p">Aria di Wally dall'opera "La Wally"</subfield>
    <subfield code="9">17448</subfield>
  </datafield>
  <datafield tag="942" ind1=" " ind2=" ">
    <subfield code="c">MD</subfield>
    <subfield code="2">ddc</subfield>
  </datafield>
  <datafield tag="952" ind1=" " ind2=" ">
    <subfield code="0">0</subfield>
    <subfield code="1">0</subfield>
    <subfield code="4">0</subfield>
    <subfield code="6">27217_000000000000000</subfield>
    <subfield code="7">1</subfield>
    <subfield code="a">SPICS</subfield>
    <subfield code="b">SPICS</subfield>
    <subfield code="d">2013-10-25</subfield>
    <subfield code="l">0</subfield>
    <subfield code="o">27217</subfield>
    <subfield code="r">2013-10-25 00:00:00</subfield>
    <subfield code="w">2013-10-25</subfield>
    <subfield code="y">MD</subfield>
    <subfield code="z">Progr. Ins.: 6774 / N.Vol.: 1 / Copie: 1 - Copia rara: n.d. / date import: 01.01.2014 - By Epidotti, Trombetti, Vaglietti</subfield>
  </datafield>
</record>
